| 000 | 00568nam a2200217Ii 4500 | ||
|---|---|---|---|
| 003 | JO-AjNU | ||
| 008 | 230606s9999||||xx |||||||||||||| ||und|| | ||
| 020 | _a81-219-2399-9 | ||
| 040 |
_aJO-AjNU _beng _erda _cJO-AjNU |
||
| 041 | _aeng | ||
| 050 | 1 | 4 | _aHF5686.T84 2008 |
| 100 | 3 |
_aTulsian,P C, _eauthor _91409 |
|
| 245 | 0 | 0 | _aPractical Costing |
| 250 | _a1 ed | ||
| 264 | 3 | 1 | _aNew Delhi: S. Chand& Company,2008 |
| 300 | _aCH | ||
| 336 |
_atext _btxt _2rdacontent |
||
| 337 |
_aunmediated _bn _2rdamedia |
||
| 338 |
_avolume _bnc _2rdacarrier |
||
| 650 | 4 |
_aCost _91410 |
|
| 999 |
_aE744 _c744 _d744 |
||